Virtual teaching experience amidst the pandemic: A perspective from the middle East (Record no. 524103)

000 -LEADER
fixed length control field 01288nam a22001457a 4500
008 - FIXED-LENGTH DATA ELEMENTS--GENERAL INFORMATION
fixed length control field 231030b ||||| |||| 00| 0 eng d
100 ## - MAIN ENTRY--PERSONAL NAME
Personal name Alexander, Rhoda
245 ## - TITLE STATEMENT
Title Virtual teaching experience amidst the pandemic: A perspective from the middle East
260 ## - PUBLICATION, DISTRIBUTION, ETC. (IMPRINT)
Place of publication, distribution, etc Management and Labour Studies
300 ## - PHYSICAL DESCRIPTION
Extent 48(2), May, 2023: p.197-201
520 ## - SUMMARY, ETC.
Summary, etc The novel coronavirus pandemic has disrupted almost all industries across the globe. The higher education sector in the Middle East too witnessed drastic changes in the teaching and learning process. Digital education, which authorities contemplated would take years to implement, was enforced overnight in the region. However, transformation to the online mode of learning posed many obstacles. As a finance educator in the region, I narrate here my experiences with respect to the challenges faced in managing the disruption, methods adopted to engage students, and the different techniques used for online assessments & student feedback. Finally, a reflection on factors which resulted in the successful delivery of the module is also provided.- Reproduced

https://journals.sagepub.com/doi/full/10.1177/0258042X211069289
773 ## - HOST ITEM ENTRY
Main entry heading Management and Labour Studies
906 ## - LOCAL DATA ELEMENT F, LDF (RLIN)
Subject DIP ONLINE TEACHING
942 ## - ADDED ENTRY ELEMENTS (KOHA)
Item type Articles
Holdings
Withdrawn status Lost status Source of classification or shelving scheme Damaged status Not for loan Permanent location Current location Date acquired Serial Enumeration / chronology Barcode Date last seen Koha item type
          Indian Institute of Public Administration Indian Institute of Public Administration 2023-10-30 48(2), May, 2023: p.197-201 AR129979 2023-10-30 Articles

Powered by Koha